Ideový návrh otočného stola pre špeciálnu CNC frézovačku
Uložené v:
| Hlavný autor: | |
|---|---|
| Ďalší autori: | |
| Médium: | Rukopis Kniha |
| Jazyk: | Slovak |
| Vydavateľské údaje: |
2016
|
| Predmet: | |
| On-line prístup: | http://is.stuba.sk/zp/portal_zp.pl?podrobnosti=118498 |
| Tagy: |
Žiadne tagy, Buďte prvý, kto otaguje tento záznam!
|
MARC
| LEADER | 00000ntm a22000003a 4500 | ||
|---|---|---|---|
| 001 | stuzp56233 | ||
| 003 | SK-STU | ||
| 005 | 20160719154935.6 | ||
| 007 | ta | ||
| 008 | 150427s2015----xo-----f-mn---000-0-slo-d | ||
| 040 | |a STU |b slo | ||
| 041 | 0 | |a slo | |
| 100 | 1 | |a Sméja, Dezső |u 063000 |k Z4 |4 aut |U MTF Materiálovotechnologická fakulta |T MTF Ústav výrobných technológií |X 6786 |U M3000 |Y 83 |7 A000006786 | |
| 242 | 0 | 1 | |a Ideological design of rotatary table for special CNC milling machine |y eng |
| 245 | 1 | 0 | |a Ideový návrh otočného stola pre špeciálnu CNC frézovačku |
| 260 | |c 2016 | ||
| 650 | 4 | |a otočný stôl |2 slo | |
| 650 | 4 | |a naklápací stôl |2 slo | |
| 650 | 4 | |a CNC frézovanie |2 slo | |
| 650 | 4 | |a frézovanie |2 slo | |
| 650 | 4 | |a frézovačka |2 slo | |
| 650 | 4 | |a CNC frézovačka |2 slo | |
| 650 | 4 | |a rotary table |2 eng | |
| 650 | 4 | |a tilting table |2 eng | |
| 650 | 4 | |a CNC milling |2 eng | |
| 650 | 4 | |a milling |2 eng | |
| 650 | 4 | |a milling machine |2 eng | |
| 650 | 4 | |a CNC milling machine |2 eng | |
| 700 | 1 | |a Košťál, Peter |u 063800 |k Z1 |4 ths |U MTF Ústav výrobných technológií |T MTF Katedra výrobných systémov, metrológie a montáže |X 216 |U M3800 |Y 660 |7 A000000216 | |
| 856 | 4 | |u http://is.stuba.sk/zp/portal_zp.pl?podrobnosti=118498 | |
| 996 | |c M* DP-12820 |l MMSKP |s P |a 0 |w stuzp56233_0001 | ||
| SQL | |a stuzp56233 |b DDP |c SLO |d Ideový návrh otočného stola pre špeciálnu CNC frézovačku |e 6786 |f Sméja, Dezső |g 063000 |h 216 |i Košťál, Peter |j 20160609 |k 195 |l 06 |m http://is.stuba.sk/zp/portal_zp.pl?podrobnosti=118498 |n I-VZS |o 5.2.50. výrobná technika | ||